| 000 | 00764nam a22002297a 4500 | ||
|---|---|---|---|
| 999 |
_c4756 _d4756 |
||
| 003 | AR-CdUCM | ||
| 008 | 190311b ||||| |||| 00| 0 spa d | ||
| 020 | _a84-7561-797-2 | ||
| 040 |
_aMUNICIPALIDAD PROVINCIAL DEL CUSCO _cBIBLIOTECA MUNICIPAL DEL CUSCO |
||
| 082 |
_a133.9 / _bSO686 |
||
| 100 |
_aSolinger, Luc _914720 |
||
| 245 | _aEl exorcismo / | ||
| 260 |
_aLima : _bCorporación gráfica Navarrete, _c1990. |
||
| 300 |
_a154 páginas ; _bIlustraciones, _c21 cm. |
||
| 505 | _aContenido: Los demonios -- La evocación al demonio -- El infierno ... | ||
| 650 |
_aPosesión diabólica _914721 |
||
| 650 |
_aexorcismos _914722 |
||
| 650 |
_aespíritus malignos _914723 |
||
| 710 |
_aEDICIONES DALMAU SOCIAS _914724 |
||
| 942 |
_2ddc _cLIBROS |
||
| 945 | _acmm | ||